000
00266nam a22001217a 4500
020
_a
0-00-433070-2
082
_a
423 NEW'C
100
_a
COLLINS
_9
75526
245
_a
THE NEW NATIOANL DICTIONARY
260
_a
LONDON
_b
COLLINS
_c
1966
300
_a
576P
942
_c
BK
999
_c
581487
_d
581487